[Event "Pan American-ch U14"]
[Site "San Jose"]
[Date "2017.07.01"]
[Round "1"]
[White "Coto Bonilla, Darian"]
[Black "Gomez Rivera, Felipe"]
[Result "1-0"]
[WhiteElo "1771"]
[BlackElo "1165"]
[PlyCount "57"]
[EventDate "2017.07.01"]
[EventType "swiss"]
[EventRounds "9"]
[EventCountry "CRI"]
[SourceTitle "EXT 2022"]
[Source "ChessBase"]
[SourceDate "2021.10.06"]
[SourceVersion "1"]
[SourceVersionDate "2021.10.06"]
[SourceQuality "1"]

1. d4 Nf6 2. Bf4 Nc6 3. e3 d5 4. Nf3 e6 5. Nbd2 Bd6 6. Bg3 Bd7 7. c3 Qe7 8. Ne5 Bxe5 9. dxe5 Ne4 10. Nxe4 dxe4 11. Qg4 f5 12. exf6 gxf6 13. Qxe4 f5 14. Qh4 Qxh4 15. Bxh4 Ne5 16. Bf6 Rg8 17. Bxe5 c6 18. 0-0-0 Rf8 19. Be2 0-0-0 20. Rd6 b5 21. Rhd1 a6 22. Bf4 Rg8 23. g3 Rg7 24. Be5 Rf7 25. Bh5 Rff8 26. Bg7 Rg8 27. Bf6 Rgf8 28. Bxd8 Rxd8 29. Bf7 1-0